[Event "IECC CL6-2022.02 email"]
[Site "IECC email"]
[Date "2022.09.22"]
[Round "?"]
[White "Phillips, Dave"]
[Black "Hughes, Peter James"]
[Result "1-0"]
[WhiteElo "1178"]
[BlackElo "1052"]
[PlyCount "61"]
[EventDate "2022.??.??"]
[EventType "tourn (corr)"]
[EventRounds "4"]
[SourceTitle "Corr 2024"]
[Source "ChessBase"]
[SourceDate "2023.10.19"]
[SourceVersion "1"]
[SourceVersionDate "2023.10.19"]
[SourceQuality "1"]
[WhiteTeam "England"]
[BlackTeam "Australien"]
[WhiteTeamCountry "ENG"]
[BlackTeamCountry "AUS"]

1. d4 Nf6 2. c4 g6 3. Nc3 Bg7 4. Bf4 0-0 5. e3 c5 6. Nf3 b6 7. Bd3 Bb7 8. 0-0 Nc6 9. d5 Nb4 10. a3 Nxd3 11. Qxd3 e6 12. e4 Nh5 13. Bd6 Re8 14. Nb5 Rc8 15. Nxa7 Ra8 16. Nb5 Bxb2 17. Ra2 Bg7 18. Nc7 Ra5 19. Nxe8 Qxe8 20. Rb1 Qd8 21. g3 Nf6 22. Rab2 Ra6 23. Bxc5 d6 24. Bb4 Ra7 25. Nd4 exd5 26. exd5 Nd7 27. Bxd6 Qc8 28. Nb5 Ra8 29. Re2 Ba6 30. Nc7 Ra7 31. Re8+ 1-0

[Event "IECC TH-M-3538"]
[Site "IECC email"]
[Date "2020.09.11"]
[Round "?"]
[White "Hughes, Peter James"]
[Black "Houglan, Rob"]
[Result "0-1"]
[WhiteElo "1150"]
[BlackElo "1047"]
[PlyCount "58"]
[EventDate "2020.??.??"]
[EventType "tourn (corr)"]
[SourceTitle "Corr 2024"]
[Source "ChessBase"]
[SourceDate "2023.10.19"]
[SourceVersion "1"]
[SourceVersionDate "2023.10.19"]
[SourceQuality "1"]
[WhiteTeam "Australien"]
[BlackTeam "Vereinigte Staaten"]
[WhiteTeamCountry "AUS"]
[BlackTeamCountry "USA"]

1. e4 e5 2. d4 exd4 3. Qxd4 Nc6 4. Qe3 Nf6 5. Be2 Qe7 6. Nc3 d5 7. exd5 Nb4 8. Bd3 Nxd3+ 9. cxd3 Bf5 10. Nge2 Qxe3 11. Bxe3 0-0-0 12. Nf4 Ng4 13. 0-0 Bd6 14. Rad1 Rhe8 15. h3 Nxe3 16. fxe3 Rxe3 17. g4 Bd7 18. Ne4 Bxf4 19. Rxf4 f6 20. Nc5 Rxh3 21. Ne4 Rh4 22. Kg2 Rxg4+ 23. Kf3 Rxf4+ 24. Kxf4 g5+ 25. Kg3 f5 26. Nf6 f4+ 27. Kf3 Bf5 28. Re1 Bxd3 29. Rd1 Bg6 0-1

[Event "ZN-2020-0-04144"]
[Site "LSS email"]
[Date "2020.04.09"]
[Round "?"]
[White "Hughes, Peter James"]
[Black "Venturas, Bob"]
[Result "1/2-1/2"]
[WhiteElo "458"]
[BlackElo "561"]
[PlyCount "94"]
[EventDate "2020.04.04"]
[EventType "match (corr)"]
[EventRounds "2"]
[EventCountry "GER"]
[SourceTitle "Corr 2022"]
[Source "ChessBase"]
[SourceDate "2021.10.24"]
[SourceVersion "1"]
[SourceVersionDate "2021.10.24"]
[SourceQuality "1"]

1. d4 d5 2. c4 Nc6 3. cxd5 Qxd5 4. e3 a6 5. Nc3 Qg5 6. e4 Qg6 7. g3 e5 8. dxe5 Nxe5 9. Bg2 Bc5 10. Bf4 Bd6 11. Nge2 h6 12. 0-0 f6 13. Nd5 Ne7 14. Qd2 N7c6 15. Rac1 0-0 16. h3 Be6 17. Nd4 Kh8 18. Nxe6 Rfe8 19. Nd4 Rad8 20. Nf5 Bf8 21. Qc2 Bd6 22. Be3 Ne7 23. Nxd6 cxd6 24. Nc7 Rc8 25. Qb3 Rg8 26. Ne6 b5 27. Nf4 Qh7 28. h4 g5 29. h5 gxf4 30. Bxf4 Nc4 31. Qd1 Rgd8 32. Bh3 Rc5 33. b3 Ne5 34. Rxc5 Qxe4 35. Bg2 Qf5 36. Bxe5 fxe5 37. Rc7 Ng8 38. Qd5 Qxh5 39. Qb7 Qg6 40. Rfc1 Nf6 41. Re7 Nh5 42. Bf3 Nxg3 43. fxg3 Qxg3+ 44. Bg2 Qe3+ 45. Kh2 Qf4+ 46. Kh3 Qf5+ 47. Kh2 Qf4+ 1/2-1/2

[Event "ZN-2020-0-04117"]
[Site "LSS email"]
[Date "2020.02.03"]
[Round "?"]
[White "Venturas, Bob"]
[Black "Hughes, Peter James"]
[Result "1-0"]
[WhiteElo "529"]
[BlackElo "476"]
[PlyCount "29"]
[EventDate "2020.01.23"]
[EventType "match (corr)"]
[EventRounds "2"]
[EventCountry "GER"]
[SourceTitle "Corr 2022"]
[Source "ChessBase"]
[SourceDate "2021.10.24"]
[SourceVersion "1"]
[SourceVersionDate "2021.10.24"]
[SourceQuality "1"]

1. e4 e6 2. d4 Nc6 3. Nf3 d5 4. Bd3 dxe4 5. Bxe4 Nf6 6. Nc3 Bb4 7. Bxc6+ bxc6 8. Bd2 0-0 9. h3 Ba6 10. a3 Ba5 11. Ne5 Nd5 12. Nxc6 Nxc3 13. Bxc3 Bxc3+ 14. bxc3 Qd5 15. Ne7+ 1-0

[Event "SN-2019-0-01008"]
[Site "LSS email"]
[Date "2019.12.22"]
[Round "?"]
[White "Neuhausen, Rainer"]
[Black "Hughes, Peter James"]
[Result "1/2-1/2"]
[WhiteElo "995"]
[BlackElo "535"]
[PlyCount "29"]
[EventDate "2019.12.05"]
[EventType "tourn (corr)"]
[EventRounds "6"]
[EventCountry "GER"]
[SourceTitle "Corr 2022"]
[Source "ChessBase"]
[SourceDate "2021.10.24"]
[SourceVersion "1"]
[SourceVersionDate "2021.10.24"]
[SourceQuality "1"]

1. e4 c5 2. Nc3 Nc6 3. f4 d6 4. Bc4 Nf6 5. d3 e5 6. Nf3 Be7 7. 0-0 0-0 8. Be3 Ng4 9. Bd2 Nd4 10. Nxd4 cxd4 11. Nd5 b6 12. Nxe7+ Qxe7 13. h3 Nf6 14. f5 h6 15. a3 1/2-1/2

[Event "SN-2019-0-01008"]
[Site "LSS email"]
[Date "2019.12.21"]
[Round "?"]
[White "Hughes, Peter James"]
[Black "Venturas, Bob"]
[Result "0-1"]
[WhiteElo "535"]
[BlackElo "579"]
[PlyCount "50"]
[EventDate "2019.12.05"]
[EventType "tourn (corr)"]
[EventRounds "6"]
[EventCountry "GER"]
[SourceTitle "Corr 2022"]
[Source "ChessBase"]
[SourceDate "2021.10.24"]
[SourceVersion "1"]
[SourceVersionDate "2021.10.24"]
[SourceQuality "1"]

1. g3 e5 2. Bg2 d5 3. Nc3 d4 4. Ne4 f5 5. e3 fxe4 6. Qh5+ Ke7 7. Qxe5+ Be6 8. Bh3 Qd5 9. exd4 Nc6 10. Qxd5 Bxd5 11. Bg2 Nf6 12. c3 Re8 13. Ne2 Kd8 14. Nf4 Bc4 15. b3 Bd3 16. d5 Ne5 17. Ne6+ Kc8 18. c4 g6 19. Nc5 Bxc5 20. h3 Bc2 21. 0-0 Rhf8 22. a4 Bxb3 23. Bb2 Bxc4 24. Rfc1 Nd3 25. Bxf6 Rxf6 0-1

[Event "IECC TH-M-3431"]
[Site "IECC email"]
[Date "2019.12.02"]
[Round "?"]
[White "Houglan, Rob"]
[Black "Hughes, Peter James"]
[Result "1-0"]
[WhiteElo "1055"]
[BlackElo "1063"]
[PlyCount "30"]
[EventDate "2019.??.??"]
[EventType "tourn (corr)"]
[SourceTitle "Corr 2024"]
[Source "ChessBase"]
[SourceDate "2023.10.19"]
[SourceVersion "1"]
[SourceVersionDate "2023.10.19"]
[SourceQuality "1"]
[WhiteTeam "Vereinigte Staaten"]
[BlackTeam "Australien"]
[WhiteTeamCountry "USA"]
[BlackTeamCountry "AUS"]

1. e4 e5 2. Nf3 Nc6 3. Bc4 Bc5 4. b4 Bxb4 5. 0-0 Nf6 6. c3 Be7 7. d3 d6 8. Ng5 0-0 9. Qb3 d5 10. exd5 Na5 11. Qd1 Nxd5 12. Nf3 f6 13. Bxd5+ Qxd5 14. c4 Qc5 15. Ba3 Qxa3 1-0

[Event "RN-2019-0-01581"]
[Site "LSS email"]
[Date "2019.11.26"]
[Round "?"]
[White "Hughes, Peter James"]
[Black "Venturas, Bob"]
[Result "0-1"]
[WhiteElo "531"]
[BlackElo "584"]
[PlyCount "50"]
[EventDate "2019.11.12"]
[EventType "tourn (corr)"]
[EventRounds "6"]
[EventCountry "GER"]
[SourceTitle "Corr 2022"]
[Source "ChessBase"]
[SourceDate "2021.10.24"]
[SourceVersion "1"]
[SourceVersionDate "2021.10.24"]
[SourceQuality "1"]

1. c4 e5 2. Nc3 Nc6 3. e3 Nf6 4. d4 exd4 5. exd4 d5 6. Nge2 Bb4 7. a3 Be7 8. Nf4 0-0 9. Be2 Re8 10. 0-0 h6 11. c5 b6 12. b4 bxc5 13. dxc5 Ne4 14. Bb2 Bf6 15. Rc1 Nd4 16. Nfxd5 Nxe2+ 17. Nxe2 Bxb2 18. Rc2 Bxa3 19. Ra2 Be6 20. Rxa3 Qxd5 21. Rd3 Qg5 22. f3 Nf6 23. Nd4 Bc4 24. f4 Qg6 25. Rg3 Qe4 0-1